Do asset prices in transition countries contain information about fufture economic activity?

Saved in:
Bibliographic Details
Main Author: Christoffersen, Peter
Other Authors: Slok, Torsten
Format: Book
Language:English
Published: Washington International Monetary Fund 2000
Series:IMF Working Paper W/00/103
Subjects:
Tags: Add Tag
No Tags, Be the first to tag this record!

MARC

LEADER 00000nam a2200000 4500
001 c124302
005 20221221082049.2
041 0 |a eng 
044 |a US 
245 1 0 |a Do asset prices in transition countries contain information about fufture economic activity?  |c Peter Christoffersen and Torsten Slok 
264 1 |a Washington  |b International Monetary Fund  |c 2000 
300 |a 25 s. 
490 1 |a IMF Working Paper  |v W/00/103 
830 0 |a IMF Working Paper  |v W/00/103 
610 2 0 |a aktíva 
610 2 0 |a ceny 
610 2 0 |a transformácia 
610 2 0 |a SVE 
610 2 0 |a aktivita hospodárska 
100 1 |a Christoffersen, Peter 
700 1 |a Slok, Torsten